000 00879nas a2200265 4500
001 BR2011007473
003 BR-BrBNA
005 20231205115750.0
007 ta
008 230509b bl.|||p| |||| 00| 00por d
040 _aBR-BrBNA
_bpor
_cBiblioteca Nacional de Agricultura
041 _a(Pt)
072 _aL74
100 1 _aTôrres, A.C.B.
100 1 _aAlves, R.O.
100 1 _aSilva, L.H.
245 1 _aHipertensão arterial em cães: revisão de literatura
246 1 _aArterial hypertension in dogs: literature review
650 _aCÃO
650 _aPRESSÃO ARTERIAL
650 _aDISTÚRBIO ANIMAL
773 0 _tMEDVEP. Revista Científica de Medicina Veterinária. Pequenos Animais e Animais de Estimação (Brazil)
_xISSN 1678-1430
_g(Jan-Mar 2009), v. 7(20) p. 14-21
_wBR2011007473
909 _a202311
_bLúcia
_c55
_dLúcia Elande
942 _2AGRIS
_n0
_cANA
999 _c215591
_d215591